00322nam a22001097a 4500008004100000020001800041082001100059100002200070245005800092260005200150300001000202260530b |||||||| |||| 00| 0 eng d a9789381275320 a001950 aNagasampige, A V  aSadacarasmrthi of Sri Anandatirtha Bhagavatpadacharya aBangalorebPoorna Prajna Samshodhan Trustc2018 a1064p